[Event "Campeonato del Mundo sub-18 Femenino"]
[Site "Kemer TUR"]
[Date "2009.11.18"]
[Round "7.22"]
[White "Alpysbayeva, Aigerim"]
[Black "Walallawita, Lihini Ashwini"]
[Result "1-0"]
[WhiteElo "1972"]
[BlackElo "1797"]
[PlyCount "47"]
[EventDate "2009.11.11"]
[EventType "swiss"]
[EventRounds "11"]
[EventCountry "TUR"]
[Source "lmi"]
[SourceDate "2009.11.11"]

1. c4 e5 2. Nc3 Nf6 3. e3 b6 4. Nf3 Nc6 5. g3 Bb7 6. Bg2 Bb4 7. Nxe5 Nxe5 8.
Bxb7 Rb8 9. Bg2 Bxc3 10. bxc3 O-O 11. O-O Ng6 12. d4 d6 13. f4 Re8 14. a4 a5
15. Ra2 h6 16. h4 Qd7 17. h5 Ne7 18. Bf3 Kh8 19. Rg2 Neg8 20. g4 Ne7 21. g5 Nh7
22. d5 hxg5 23. fxg5 Rbd8 24. Bg4 1-0

[Event "Campeonato del Mundo sub-18 Femenino"]
[Site "Kemer TUR"]
[Date "2009.11.18"]
[Round "7.23"]
[White "Ursente, Maria-Eugenia"]
[Black "De Oliveira, Ana Paula"]
[Result "1-0"]
[WhiteElo "1968"]
[BlackElo "1786"]
[PlyCount "81"]
[EventDate "2009.11.11"]
[EventType "swiss"]
[EventRounds "11"]
[EventCountry "TUR"]
[Source "lmi"]
[SourceDate "2009.11.11"]

1. d4 Nf6 2. c4 e6 3. Nc3 d5 4. cxd5 exd5 5. Bg5 Be7 6. e3 c6 7. Bd3 O-O 8. Qc2
Nbd7 9. Nge2 Re8 10. O-O Ne4 11. Bf4 Nxc3 12. Bxh7+ Kh8 13. Nxc3 Bg5 14. Bxg5
Qxg5 15. Bf5 g6 16. Bxd7 Bxd7 17. Rae1 Bf5 18. Qd2 Kg7 19. f3 Rh8 20. g3 Rh3
21. Re2 Rah8 22. e4 Qxd2 23. Rxd2 dxe4 24. fxe4 Bd7 25. Rdf2 f5 26. d5 cxd5 27.
Nxd5 Bc6 28. Nf4 R3h6 29. Ne6+ Kf6 30. exf5 Rh3 31. Rd2 gxf5 32. Nd4 Be4 33.
Nxf5 Bxf5 34. g4 Rg8 35. Rxf5+ Ke6 36. Re2+ Kd6 37. g5 Rh5 38. Rg2 b6 39. a3 a6
40. Rf6+ Kc5 41. g6 1-0

[Event "Campeonato del Mundo sub-18 Femenino"]
[Site "Kemer TUR"]
[Date "2009.11.18"]
[Round "7.24"]
[White "Orehek, Spela"]
[Black "Labedz, Patrycja"]
[Result "0-1"]
[WhiteElo "1890"]
[BlackElo "2115"]
[PlyCount "56"]
[EventDate "2009.11.11"]
[EventType "swiss"]
[EventRounds "11"]
[EventCountry "TUR"]
[Source "lmi"]
[SourceDate "2009.11.11"]

1. e4 e6 2. d4 d5 3. Nd2 c5 4. c3 Nc6 5. Ne2 cxd4 6. Nxd4 Nf6 7. Bd3 Bc5 8.
exd5 Qxd5 9. N2f3 O-O 10. O-O Rd8 11. Be3 Bxd4 12. cxd4 h6 13. Qe2 b6 14. Rfd1
Bb7 15. Bf4 Nxd4 16. Bh7+ Kxh7 17. Rxd4 Qf5 18. Nh4 Qh5 19. Qxh5 Nxh5 20. Rxd8
Rxd8 21. Be3 f5 22. f4 Rd3 23. Kf2 Nf6 24. Ke2 Ba6 25. Rc1 Ng4 26. Bf2 Rc3+ 27.
Kd2 Rxc1 28. Kxc1 Nxf2 0-1

[Event "Campeonato del Mundo sub-18 Femenino"]
[Site "Kemer TUR"]
[Date "2009.11.18"]
[Round "7.26"]
[White "Ursu, Ana-Maria"]
[Black "Elansary, Eman"]
[Result "1-0"]
[WhiteElo "1876"]
[BlackElo "1926"]
[PlyCount "49"]
[EventDate "2009.11.11"]
[EventType "swiss"]
[EventRounds "11"]
[EventCountry "TUR"]
[Source "lmi"]
[SourceDate "2009.11.11"]

1. e4 e5 2. Nf3 Nc6 3. Bb5 a6 4. Ba4 Nf6 5. d3 b5 6. Bb3 Be7 7. c3 d6 8. Nbd2
O-O 9. O-O Na5 10. Bc2 c5 11. Re1 Qc7 12. Nf1 Bd7 13. Ng3 Nc6 14. h3 a5 15. Nh2
b4 16. Ng4 Nxg4 17. hxg4 g6 18. Bh6 Rfb8 19. Re3 Qd8 20. Nf5 gxf5 21. gxf5 Bf8
22. Qh5 Bxh6 23. Qxh6 Ne7 24. Rg3+ Ng6 25. fxg6 1-0

[Event "Campeonato del Mundo sub-18 Femenino"]
[Site "Kemer TUR"]
[Date "2009.11.18"]
[Round "7.27"]
[White "Dimitrova, Aseniya"]
[Black "Barbier, Wiebke"]
[Result "1-0"]
[WhiteElo "1744"]
[BlackElo "1911"]
[PlyCount "110"]
[EventDate "2009.11.11"]
[EventType "swiss"]
[EventRounds "11"]
[EventCountry "TUR"]
[Source "lmi"]
[SourceDate "2009.11.11"]

1. e4 e5 2. Nf3 Nf6 3. Nxe5 d6 4. Nf3 Nxe4 5. d4 d5 6. Bd3 Be7 7. O-O Nc6 8. c4
Nf6 9. Nc3 Bg4 10. cxd5 Nxd5 11. h3 Be6 12. Re1 O-O 13. Qc2 h6 14. a3 Bf6 15.
Be3 Re8 16. Rad1 Na5 17. Ne4 Nxe3 18. fxe3 Bb3 19. Qd2 Bxd1 20. Qxd1 Nc6 21. b4
a6 22. Nc5 Rb8 23. Kh1 Bg5 24. Ne4 Bh4 25. Rf1 Na7 26. Qb3 Rf8 27. Bc4 Nc6 28.
Bxf7+ Kh8 29. Nc5 Qe7 30. Nxh4 Qxh4 31. Nd7 Rbd8 32. Nxf8 Rxf8 33. Qd3 Qe7 34.
Bg6 a5 35. Rxf8+ Qxf8 36. b5 Ne7 37. Be4 b6 38. Qc4 Qd8 39. Bc2 Nd5 40. Qd3 Nf6
41. e4 Kg8 42. e5 Ne8 43. Qh7+ Kf8 44. Qf5+ Ke7 45. Qe4 Qd7 46. a4 Kf8 47. Qf5+
Qf7 48. Qxf7+ Kxf7 49. Bb3+ Ke7 50. Kg1 g6 51. Kf2 Ng7 52. g4 h5 53. Kf3 g5 54.
gxh5 Nxh5 55. Kg4 Nf4 1-0

[Event "Campeonato del Mundo sub-18 Femenino"]
[Site "Kemer TUR"]
[Date "2009.11.19"]
[Round "8.1"]
[White "Guramishvili, Sopiko"]
[Black "Savina, Anastasia"]
[Result "1/2-1/2"]
[WhiteElo "2327"]
[BlackElo "2401"]
[PlyCount "66"]
[EventDate "2009.11.11"]
[EventType "swiss"]
[EventRounds "11"]
[EventCountry "TUR"]
[Source "lmi"]
[SourceDate "2009.11.11"]

1. e4 c5 2. c3 Nf6 3. e5 Nd5 4. Nf3 Nc6 5. Bc4 Nb6 6. Bb3 c4 7. Bc2 d6 8. exd6
Qxd6 9. O-O Bg4 10. h3 Bh5 11. Qe2 Bg6 12. Bxg6 hxg6 13. Na3 Qd3 14. Re1 e6 15.
b3 Qxe2 16. Rxe2 Bxa3 17. Bxa3 Rh5 18. Bd6 Ra5 19. Ree1 Kd7 20. Bg3 f6 21. b4
Rd5 22. a4 a5 23. b5 Ne7 24. Re4 e5 25. Ra2 Nf5 26. Rg4 g5 27. h4 Nh6 28. Re4
gxh4 29. Rxh4 Ke6 30. Nh2 Nf5 31. Rg4 g5 32. f3 Nxg3 33. Rxg3 Rad8 1/2-1/2

[Event "Campeonato del Mundo sub-18 Femenino"]
[Site "Kemer TUR"]
[Date "2009.11.19"]
[Round "8.2"]
[White "Girya, Olga"]
[Black "Ozturk, Kubra"]
[Result "1-0"]
[WhiteElo "2340"]
[BlackElo "2177"]
[PlyCount "79"]
[EventDate "2009.11.11"]
[EventType "swiss"]
[EventRounds "11"]
[EventCountry "TUR"]
[Source "lmi"]
[SourceDate "2009.11.11"]

1. d4 d5 2. c4 dxc4 3. Nf3 c5 4. e3 cxd4 5. Bxc4 Qc7 6. Qb3 e6 7. exd4 Nc6 8.
O-O Nf6 9. Bg5 Be7 10. Be2 O-O 11. Nc3 a6 12. Rac1 Bd7 13. d5 Na5 14. Qd1 Qd6
15. Qd2 exd5 16. Bxf6 gxf6 17. Nxd5 Nc6 18. Nxf6+ Qxf6 19. Qxd7 Rab8 20. Bxa6
Rfd8 21. Qg4+ Kh8 22. Bc4 Rg8 23. Qe4 Rg7 24. Bd5 Rbg8 25. g3 Rg4 26. Qe2 Nd4
27. Nxd4 Rxd4 28. Rc7 Bd6 29. Rxf7 Qg6 30. Qf3 Rd3 31. Qe4 Rd2 32. Rxb7 Rf8 33.
Qxg6 hxg6 34. Bf7 Kg7 35. Bc4+ Kh6 36. b4 Rd4 37. Rd7 Rf6 38. Bg8 Rxb4 39. Rd1
Bc5 40. Rh7+ 1-0

[Event "Campeonato del Mundo sub-18 Femenino"]
[Site "Kemer TUR"]
[Date "2009.11.19"]
[Round "8.3"]
[White "Mammadova, Gulnar"]
[Black "Pavlidou, Ekaterini"]
[Result "1-0"]
[WhiteElo "2202"]
[BlackElo "2128"]
[PlyCount "81"]
[EventDate "2009.11.11"]
[EventType "swiss"]
[EventRounds "11"]
[EventCountry "TUR"]
[Source "lmi"]
[SourceDate "2009.11.11"]

1. e4 c5 2. Nc3 Nc6 3. g3 g6 4. Bg2 Bg7 5. d3 d6 6. Be3 Rb8 7. Nge2 b5 8. Qd2
b4 9. Nd1 a5 10. O-O Qc7 11. c4 bxc3 12. Ndxc3 Ba6 13. Rfd1 Ne5 14. Nf4 Ng4 15.
Qc2 Nxe3 16. fxe3 Nf6 17. Qa4+ Nd7 18. Ncd5 Qd8 19. Qc6 Bb7 20. Nc7+ Kf8 21.
Nce6+ fxe6 22. Nxe6+ Kg8 23. Nxd8 Bxc6 24. Nxc6 Rxb2 25. Rab1 a4 26. d4 a3 27.
Bh3 Nb6 28. dxc5 Na4 29. Nxe7+ Kf7 30. cxd6 Nc3 31. Rf1+ Ke8 32. Nc6 Bf6 33.
Rbe1 Nxe4 34. d7+ Kf7 35. d8=Q Rxd8 36. Nxd8+ Ke8 37. Nc6 Bc3 38. Rd1 Bd2 39.
Kh1 Nc3 40. Ra1 Nxa2 41. Be6 1-0

[Event "Campeonato del Mundo sub-18 Femenino"]
[Site "Kemer TUR"]
[Date "2009.11.19"]
[Round "8.4"]
[White "Warakomska, Anna"]
[Black "Nakhbayeva, Guliskhan"]
[Result "0-1"]
[WhiteElo "2189"]
[BlackElo "2201"]
[PlyCount "118"]
[EventDate "2009.11.11"]
[EventType "swiss"]
[EventRounds "11"]
[EventCountry "TUR"]
[Source "lmi"]
[SourceDate "2009.11.11"]

1. e4 c5 2. Nf3 d6 3. d4 cxd4 4. Nxd4 Nf6 5. Nc3 a6 6. Bg5 Nbd7 7. f4 h6 8. Bh4
e5 9. Nf5 Qb6 10. Qd2 Qxb2 11. Rb1 Qa3 12. Bc4 exf4 13. Bf2 Ne5 14. Bd5 f3 15.
g3 Ned7 16. O-O g6 17. Nd4 Qa5 18. Nxf3 Bg7 19. Bd4 O-O 20. Bxb7 Bxb7 21. Rxb7
Ne5 22. Nxe5 dxe5 23. Bb6 Qb4 24. Qe3 Rac8 25. Rf3 Rc6 26. a3 Qxa3 27. Ba7 Qd6
28. Qe2 Rfc8 29. Rb3 Rc4 30. Qf2 Nxe4 31. Nxe4 Rxe4 32. Rbd3 Qe6 33. Qd2 Rec4
34. Rd8+ Rxd8 35. Qxd8+ Kh7 36. Rf2 e4 37. Be3 f5 38. Rd2 Qc8 39. Qb6 Rc6 40.
Qb3 a5 41. Qa2 Qc7 42. Qa4 Rc4 43. Qe8 Qe5 44. Qa8 a4 45. Qa6 Qc3 46. Kf2 a3
47. h4 Qb4 48. h5 gxh5 49. Qe6 Rc5 50. c3 Qc4 51. Qe7 Rc7 52. Qxa3 Bxc3 53. Rd6
Bg7 54. Qa5 Rf7 55. Rd5 Qc2+ 56. Rd2 Qb3 57. Rd6 h4 58. Qa6 hxg3+ 59. Ke2 f4
0-1

[Event "Campeonato del Mundo sub-18 Femenino"]
[Site "Kemer TUR"]
[Date "2009.11.19"]
[Round "8.5"]
[White "Brunello, Marina"]
[Black "Motycakova, Monika"]
[Result "1/2-1/2"]
[WhiteElo "2158"]
[BlackElo "2038"]
[PlyCount "43"]
[EventDate "2009.11.11"]
[EventType "swiss"]
[EventRounds "11"]
[EventCountry "TUR"]
[Source "lmi"]
[SourceDate "2009.11.11"]

1. e4 c5 2. c3 d5 3. exd5 Qxd5 4. d4 Nf6 5. Nf3 e6 6. Be2 Nc6 7. O-O Be7 8. Be3
cxd4 9. cxd4 O-O 10. Nc3 Qd6 11. a3 b6 12. Ne5 Nxe5 13. Bf4 Nf3+ 14. Bxf3 Qxf4
15. Bxa8 Ba6 16. Qf3 Qxf3 17. Bxf3 Bxf1 18. Kxf1 Rd8 19. Rd1 Kf8 20. Nb5 a6 21.
Nc3 Ne8 22. Na4 1/2-1/2

[Event "Campeonato del Mundo sub-18 Femenino"]
[Site "Kemer TUR"]
[Date "2009.11.19"]
[Round "8.6"]
[White "Vojinovic, Jovana"]
[Black "Eric, Jovana"]
[Result "1-0"]
[WhiteElo "2319"]
[BlackElo "2163"]
[PlyCount "109"]
[EventDate "2009.11.11"]
[EventType "swiss"]
[EventRounds "11"]
[EventCountry "TUR"]
[Source "lmi"]
[SourceDate "2009.11.11"]

1. Nf3 d5 2. g3 Bg4 3. Bg2 c6 4. c4 e6 5. cxd5 exd5 6. Qb3 Qb6 7. Qc2 Nd7 8.
O-O Ngf6 9. d3 Be7 10. Nc3 Bxf3 11. Bxf3 d4 12. Nb1 Ne5 13. Bg2 h5 14. Nd2 h4
15. Nc4 Nxc4 16. Qxc4 Ng4 17. b4 Ne5 18. Qb3 O-O 19. Rb1 Bd6 20. a4 Rae8 21. b5
c5 22. Qd5 Ng4 23. Qxb7 Qd8 24. Qf3 Ne5 25. Qh5 Ng6 26. Be4 Re5 27. Qf3 Qe7 28.
b6 a6 29. b7 Bc7 30. Qg2 Rh5 31. Bxg6 fxg6 32. Qe4 Re5 33. Qxg6 h3 34. e4 c4
35. Qc6 cxd3 36. Ba3 Qf7 37. f4 Re6 38. Qd5 Rb8 39. Rfd1 Rb6 40. Rxb6 Bxb6 41.
Qxf7+ Kxf7 42. Rb1 d2 43. Kf1 Rxb7 44. Ke2 d3+ 45. Kd1 Rb8 46. Bd6 Re8 47. Rxb6
Rxe4 48. Rb7+ Kg8 49. Kxd2 Re2+ 50. Kxd3 Rxh2 51. Be5 Ra2 52. Rxg7+ Kf8 53. Rh7
h2 54. a5 Kg8 55. Rh6 1-0

[Event "Campeonato del Mundo sub-18 Femenino"]
[Site "Kemer TUR"]
[Date "2009.11.19"]
[Round "8.7"]
[White "Tsatsalashvili, Keti"]
[Black "Pon Namasivayam, Krithikha"]
[Result "1-0"]
[WhiteElo "2288"]
[BlackElo "2196"]
[PlyCount "29"]
[EventDate "2009.11.11"]
[EventType "swiss"]
[EventRounds "11"]
[EventCountry "TUR"]
[Source "lmi"]
[SourceDate "2009.11.11"]

1. d4 Nf6 2. c4 c5 3. d5 b5 4. cxb5 a6 5. b6 d6 6. Nc3 Nbd7 7. a4 a5 8. e4 g6
9. Nf3 Bg7 10. Bb5 Qxb6 11. O-O O-O 12. Qe2 Ba6 13. Nd2 Ne5 14. f4 Nd3 15. Nc4
1-0

[Event "Campeonato del Mundo sub-18 Femenino"]
[Site "Kemer TUR"]
[Date "2009.11.19"]
[Round "8.8"]
[White "Bhakti Pradip, Kulkarni"]
[Black "Aliaga Fernandez, Ingrid Yadyra"]
[Result "1-0"]
[WhiteElo "2263"]
[BlackElo "2146"]
[PlyCount "69"]
[EventDate "2009.11.11"]
[EventType "swiss"]
[EventRounds "11"]
[EventCountry "TUR"]
[Source "lmi"]
[SourceDate "2009.11.11"]

1. d4 Nf6 2. Nf3 e6 3. e3 d5 4. Bd3 c5 5. b3 Nc6 6. Bb2 a6 7. a4 b6 8. Nbd2 Be7
9. O-O Bb7 10. Ne5 Nb4 11. Be2 O-O 12. c3 Nc6 13. Bd3 Nd7 14. f4 f5 15. g4
Ncxe5 16. dxe5 Qe8 17. h3 Nb8 18. Kh2 g6 19. gxf5 exf5 20. c4 Qf7 21. Qe2 dxc4
22. Nxc4 Nd7 23. Rad1 Bd5 24. e4 fxe4 25. Bxe4 Bxe4 26. Qxe4 Qe6 27. f5 gxf5
28. Qg2+ Kh8 29. Rxd7 Rg8 30. Qd5 Qg6 31. e6+ Bf6 32. Bxf6+ Qxf6 33. Qxf5 Qxf5
34. Rxf5 Rge8 35. e7 1-0

[Event "Campeonato del Mundo sub-18 Femenino"]
[Site "Kemer TUR"]
[Date "2009.11.19"]
[Round "8.9"]
[White "Ziaziulkina, Nastassia"]
[Black "Repina, Varvara"]
[Result "0-1"]
[WhiteElo "2128"]
[BlackElo "2258"]
[PlyCount "74"]
[EventDate "2009.11.11"]
[EventType "swiss"]
[EventRounds "11"]
[EventCountry "TUR"]
[Source "lmi"]
[SourceDate "2009.11.11"]

1. e4 e5 2. Nf3 Nc6 3. Bb5 g6 4. O-O Bg7 5. c3 Nge7 6. d4 exd4 7. cxd4 d5 8.
exd5 Nxd5 9. Re1+ Be6 10. Ng5 O-O 11. Bxc6 bxc6 12. Nc3 Rb8 13. Nge4 Rb4 14.
Bg5 f6 15. Bc1 f5 16. Nd2 Bf7 17. Nf3 c5 18. Bg5 Qa8 19. Nxd5 Bxd5 20. Be7 Rfb8
21. Bxc5 Rxb2 22. Re2 R2b5 23. Ne1 a5 24. f3 a4 25. Nd3 Bc4 26. Re1 Rd8 27. Ne5
Rxc5 28. dxc5 Rxd1 29. Raxd1 Bxe5 30. Rxe5 Bxa2 31. Rd7 Kh8 32. Ree7 Bg8 33.
Rxc7 a3 34. Ra7 Qd5 35. h3 a2 36. Kh2 Qxc5 37. f4 Qxe7 0-1

[Event "Campeonato del Mundo sub-18 Femenino"]
[Site "Kemer TUR"]
[Date "2009.11.19"]
[Round "8.10"]
[White "Havlikova, Kristyna"]
[Black "Richard, Emma"]
[Result "0-1"]
[WhiteElo "2185"]
[BlackElo "2135"]
[PlyCount "59"]
[EventDate "2009.11.11"]
[EventType "swiss"]
[EventRounds "11"]
[EventCountry "TUR"]
[Source "lmi"]
[SourceDate "2009.11.11"]

1. e4 c5 2. Nf3 Nc6 3. d4 cxd4 4. Nxd4 e5 5. Nb5 d6 6. c4 Be7 7. N1c3 a6 8. Na3
f5 9. exf5 Bxf5 10. Bd3 Be6 11. O-O Nf6 12. Nc2 O-O 13. b3 d5 14. cxd5 Nxd5 15.
Nxd5 Bxd5 16. Ne3 Be6 17. Be4 Qe8 18. Nd5 Rd8 19. Nxe7+ Qxe7 20. Qh5 h6 21. Be3
Qf6 22. Rad1 Nd4 23. Bxb7 Bf7 24. Qh3 Be6 25. g4 Qg6 26. Bxd4 exd4 27. Qg3 Bxg4
28. Rfe1 Rf6 29. Rd2 Qg5 30. Qe5 0-1

[Event "Campeonato del Mundo sub-18 Femenino"]
[Site "Kemer TUR"]
[Date "2009.11.19"]
[Round "8.11"]
[White "Agrest, Inna"]
[Black "Guadamuro Torrente, Anabel"]
[Result "1-0"]
[WhiteElo "2180"]
[BlackElo "2116"]
[PlyCount "85"]
[EventDate "2009.11.11"]
[EventType "swiss"]
[EventRounds "11"]
[EventCountry "TUR"]
[Source "lmi"]
[SourceDate "2009.11.11"]

1. e4 e5 2. Nf3 Nc6 3. Bb5 Nf6 4. d3 d6 5. c3 g6 6. O-O Bg7 7. Re1 O-O 8. Nbd2
a6 9. Ba4 b5 10. Bb3 Na5 11. Bc2 c5 12. a4 Bb7 13. Nf1 Re8 14. Ng3 Qc7 15. h4
d5 16. h5 Rad8 17. Qe2 c4 18. axb5 axb5 19. Bg5 Rd6 20. Nh2 b4 21. dxc4 b3 22.
c5 Qxc5 23. Bd3 dxe4 24. Nxe4 Nxe4 25. Bxe4 Bxe4 26. Qxe4 Nc4 27. Ra8 Rde6 28.
Rd1 Nxb2 29. Rdd8 Qb5 30. Rab8 Qxb8 31. Rxb8 Rxb8 32. Bc1 Nd1 33. Nf3 b2 34.
Bxb2 Nxb2 35. Ng5 Rd6 36. Qf3 f6 37. Ne4 Rd1+ 38. Kh2 f5 39. Ng5 e4 40. Qe3 Nc4
41. Qa7 Rf8 42. h6 Be5+ 43. g3 1-0

[Event "Campeonato del Mundo sub-18 Femenino"]
[Site "Kemer TUR"]
[Date "2009.11.19"]
[Round "8.12"]
[White "Hannes, Diana"]
[Black "Korchagina, Victoria"]
[Result "1/2-1/2"]
[WhiteElo "2125"]
[BlackElo "2150"]
[PlyCount "45"]
[EventDate "2009.11.11"]
[EventType "swiss"]
[EventRounds "11"]
[EventCountry "TUR"]
[Source "lmi"]
[SourceDate "2009.11.11"]

1. e4 c5 2. Nf3 d6 3. Bb5+ Nc6 4. Bxc6+ bxc6 5. O-O e5 6. c3 f5 7. exf5 Nf6 8.
d4 cxd4 9. cxd4 e4 10. Re1 Be7 11. Nfd2 d5 12. Nc3 O-O 13. f3 Qb6 14. Nb3 Bxf5
15. Bg5 Rae8 16. fxe4 dxe4 17. Qd2 h6 18. Be3 Nd5 19. Nxd5 cxd5 20. Nc5 Qg6 21.
Rf1 Rf7 22. b4 Ref8 23. a4 1/2-1/2

[Event "Campeonato del Mundo sub-18 Femenino"]
[Site "Kemer TUR"]
[Date "2009.11.19"]
[Round "8.13"]
[White "Dudas, Eszter"]
[Black "Gvilava, Maya"]
[Result "1-0"]
[WhiteElo "2147"]
[BlackElo "2061"]
[PlyCount "53"]
[EventDate "2009.11.11"]
[EventType "swiss"]
[EventRounds "11"]
[EventCountry "TUR"]
[Source "lmi"]
[SourceDate "2009.11.11"]

1. e4 c5 2. Nf3 Nc6 3. Nc3 d6 4. d4 cxd4 5. Nxd4 Nf6 6. Bc4 e6 7. Bb3 Be7 8. f4
O-O 9. Be3 e5 10. Nf3 Ng4 11. Qd2 Nxe3 12. Qxe3 exf4 13. Qxf4 Be6 14. O-O Bf6
15. Rad1 Qb6+ 16. Kh1 Be5 17. Nxe5 dxe5 18. Qg3 Bxb3 19. axb3 Rad8 20. Nd5 Qa6
21. c4 Nd4 22. Qxe5 Nxb3 23. Rf3 f6 24. Qh5 Qxc4 25. Ne7+ Kh8 26. Qxh7+ Kxh7
27. Rh3# 1-0

[Event "Campeonato del Mundo sub-18 Femenino"]
[Site "Kemer TUR"]
[Date "2009.11.19"]
[Round "8.14"]
[White "Bakhtiyarly, Aysel Anvar Qizi"]
[Black "Semenova, Elena"]
[Result "1/2-1/2"]
[WhiteElo "2042"]
[BlackElo "2233"]
[PlyCount "37"]
[EventDate "2009.11.11"]
[EventType "swiss"]
[EventRounds "11"]
[EventCountry "TUR"]
[Source "lmi"]
[SourceDate "2009.11.11"]

1. e4 e5 2. Nf3 Nf6 3. Nxe5 d6 4. Nf3 Nxe4 5. Nc3 Nxc3 6. dxc3 Be7 7. Be3 Nc6
8. Qd2 Be6 9. O-O-O Qd7 10. Kb1 a6 11. h3 O-O-O 12. g4 f5 13. g5 Ne5 14. Be2 c5
15. Bf4 Ng6 16. c4 Rhe8 17. Bh2 Qc6 18. h4 Ne5 19. Qc3 1/2-1/2

[Event "Campeonato del Mundo sub-18 Femenino"]
[Site "Kemer TUR"]
[Date "2009.11.19"]
[Round "8.15"]
[White "Haug, Marianne Wold"]
[Black "Ni, Viktorija"]
[Result "1-0"]
[WhiteElo "2005"]
[BlackElo "2181"]
[PlyCount "59"]
[EventDate "2009.11.11"]
[EventType "swiss"]
[EventRounds "11"]
[EventCountry "TUR"]
[Source "lmi"]
[SourceDate "2009.11.11"]

1. e4 c5 2. Nf3 e6 3. d4 cxd4 4. Nxd4 a6 5. Nc3 b5 6. Be2 Bb7 7. Bf3 b4 8. Na4
Nf6 9. e5 Nd5 10. O-O Qc7 11. Re1 Be7 12. Nf5 exf5 13. Bxd5 O-O 14. Be3 Nc6 15.
Nb6 Rad8 16. Nc4 Rb8 17. Nd6 Bxd6 18. exd6 Qd8 19. a3 Qf6 20. axb4 f4 21. Bd2
Qxd6 22. Bc3 Kh8 23. Qg4 f6 24. Rad1 Qc7 25. Be4 d5 26. Rxd5 Bc8 27. Qh5 g6 28.
Bxg6 Rg8 29. Bf5 Qg7 30. g3 1-0

[Event "Campeonato del Mundo sub-18 Femenino"]
[Site "Kemer TUR"]
[Date "2009.11.19"]
[Round "8.16"]
[White "Marshall, Abby"]
[Black "Alpysbayeva, Aigerim"]
[Result "1-0"]
[WhiteElo "2176"]
[BlackElo "1972"]
[PlyCount "91"]
[EventDate "2009.11.11"]
[EventType "swiss"]
[EventRounds "11"]
[EventCountry "TUR"]
[Source "lmi"]
[SourceDate "2009.11.11"]

1. e4 e5 2. f4 exf4 3. Bc4 Qh4+ 4. Kf1 Nc6 5. d4 d6 6. Nf3 Bg4 7. c3 Qe7 8. Qd3
Bxf3 9. Qxf3 Nf6 10. Bd3 O-O-O 11. Bxf4 h6 12. Kf2 g5 13. Be3 Bg7 14. Rf1 Kb8
15. Kg1 Rdf8 16. Nd2 Nd7 17. b4 h5 18. a4 g4 19. Qf5 Bh6 20. Bxh6 Rxh6 21. Bb5
g3 22. h3 h4 23. Bxc6 bxc6 24. Nc4 Rf6 25. Qg4 Rxf1+ 26. Rxf1 Qe6 27. Na5 Qxg4
28. Nxc6+ Kb7 29. Na5+ Kb6 30. hxg4 f6 31. Rf5 c5 32. Nc4+ Kb7 33. Nd2 cxd4 34.
cxd4 Rg8 35. g5 fxg5 36. Nf3 g4 37. Nxh4 Rb8 38. b5 a6 39. Ng6 axb5 40. axb5
Ra8 41. Ne7 Nb6 42. Rf1 Ra4 43. Nf5 Ra3 44. Re1 Kc7 45. e5 dxe5 46. dxe5 1-0

[Event "Campeonato del Mundo sub-18 Femenino"]
[Site "Kemer TUR"]
[Date "2009.11.19"]
[Round "8.17"]
[White "Uuganbayar, Lkhamsuren"]
[Black "Jafari, Golnaz"]
[Result "1/2-1/2"]
[WhiteElo "2136"]
[BlackElo "1999"]
[PlyCount "110"]
[EventDate "2009.11.11"]
[EventType "swiss"]
[EventRounds "11"]
[EventCountry "TUR"]
[Source "lmi"]
[SourceDate "2009.11.11"]

1. e4 e6 2. d4 d5 3. e5 c5 4. c3 Nc6 5. Nf3 Qb6 6. a3 Nh6 7. b4 cxd4 8. cxd4
Nf5 9. Bb2 a5 10. b5 a4 11. Ra2 Nd8 12. Nc3 Qa5 13. Bd3 Be7 14. O-O g6 15. Bc2
Bd7 16. Bxa4 Qb6 17. Qd2 h5 18. Rb1 Ra5 19. Bc1 g5 20. Bc2 g4 21. Bxf5 gxf3 22.
Bh3 fxg2 23. a4 f6 24. Qe3 Nf7 25. exf6 Bxf6 26. Nxd5 Qxd4 27. Qxd4 Bxd4 28.
Bd2 Ra7 29. Nc7+ Ke7 30. Bb4+ Kf6 31. Rd1 Ne5 32. Bxg2 Bb6 33. Bc3 Rd8 34. Bd4
Bxd4 35. Rxd4 b6 36. Na6 Rg8 37. Kf1 Ng4 38. Kg1 Bc8 39. h3 Bxa6 40. bxa6 Ne5
41. Rf4+ Ke7 42. Kh2 Rxa6 43. Rb4 Nd7 44. Bc6 Rb8 45. Bb5 Ra5 46. Re2 Nc5 47.
Re5 Nd3 48. Rxe6+ Kxe6 49. Bxd3 Rg5 50. f4 Rc5 51. f5+ Kf6 52. Rd4 Rc6 53. Kg3
Ke5 54. Re4+ Kf6 55. Rd4 Ke5 1/2-1/2

[Event "Campeonato del Mundo sub-18 Femenino"]
[Site "Kemer TUR"]
[Date "2009.11.19"]
[Round "8.18"]
[White "Mnatsakanyan, Diana"]
[Black "Deur, Zrinka"]
[Result "1-0"]
[WhiteElo "1973"]
[BlackElo "2089"]
[PlyCount "67"]
[EventDate "2009.11.11"]
[EventType "swiss"]
[EventRounds "11"]
[EventCountry "TUR"]
[Source "lmi"]
[SourceDate "2009.11.11"]

1. e4 c5 2. Nf3 Nc6 3. c3 d5 4. exd5 Qxd5 5. d4 Bg4 6. dxc5 Qxc5 7. Be3 Qa5 8.
Be2 e6 9. O-O Nf6 10. b4 Qc7 11. Na3 Rd8 12. Nb5 Qb8 13. Qa4 Nd7 14. Bxa7 Nxa7
15. Qxa7 Qxa7 16. Nxa7 Be7 17. a4 O-O 18. Nb5 Bf6 19. h3 Bh5 20. Nfd4 Bxe2 21.
Nxe2 Nb6 22. Ng3 Rd3 23. Ne4 Be7 24. a5 Nc4 25. a6 bxa6 26. Rxa6 Rb8 27. Nd4
Rc8 28. b5 f5 29. Nc6 Bf8 30. Ng5 Rxc3 31. Nxe6 Na3 32. Ncd4 Rb8 33. b6 Nc4 34.
Ra3 1-0

[Event "Campeonato del Mundo sub-18 Femenino"]
[Site "Kemer TUR"]
[Date "2009.11.19"]
[Round "8.19"]
[White "Ursente, Maria-Eugenia"]
[Black "Ibragimova, Iroda"]
[Result "1/2-1/2"]
[WhiteElo "1968"]
[BlackElo "1917"]
[PlyCount "24"]
[EventDate "2009.11.11"]
[EventType "swiss"]
[EventRounds "11"]
[EventCountry "TUR"]
[Source "lmi"]
[SourceDate "2009.11.11"]

1. d4 e6 2. c4 f5 3. Nc3 Nf6 4. e3 d5 5. Bd3 c6 6. Nge2 Bd6 7. f3 O-O 8. O-O e5
9. cxd5 exd4 10. exd4 cxd5 11. Qb3 Kh8 12. Nf4 Nc6 1/2-1/2

[Event "Campeonato del Mundo sub-18 Femenino"]
[Site "Kemer TUR"]
[Date "2009.11.19"]
[Round "8.20"]
[White "Kulon, Klaudia"]
[Black "Ursu, Ana-Maria"]
[Result "1-0"]
[WhiteElo "2233"]
[BlackElo "1876"]
[PlyCount "39"]
[EventDate "2009.11.11"]
[EventType "swiss"]
[EventRounds "11"]
[EventCountry "TUR"]
[Source "lmi"]
[SourceDate "2009.11.11"]

1. e4 d6 2. d4 Nf6 3. Nc3 g6 4. f3 c6 5. Be3 a6 6. Qd2 Bg7 7. O-O-O O-O 8. h4
h5 9. Be2 Nbd7 10. g4 b5 11. Nh3 hxg4 12. fxg4 Nb6 13. Rdg1 Nc4 14. Bxc4 bxc4
15. Bh6 Nxg4 16. Bxg7 Kxg7 17. h5 gxh5 18. Nf2 Rb8 19. Rxh5 Kg6 20. Qh6# 1-0

[Event "Campeonato del Mundo sub-18 Femenino"]
[Site "Kemer TUR"]
[Date "2009.11.19"]
[Round "8.21"]
[White "Labedz, Patrycja"]
[Black "Dimitrova, Aseniya"]
[Result "1-0"]
[WhiteElo "2115"]
[BlackElo "1744"]
[PlyCount "53"]
[EventDate "2009.11.11"]
[EventType "swiss"]
[EventRounds "11"]
[EventCountry "TUR"]
[Source "lmi"]
[SourceDate "2009.11.11"]

1. e4 c5 2. Nf3 d6 3. d4 cxd4 4. Nxd4 Nf6 5. Nc3 a6 6. Bg5 e6 7. f4 Nbd7 8. Qf3
Qc7 9. O-O-O b5 10. e5 Bb7 11. Qh3 dxe5 12. Nxe6 fxe6 13. Qxe6+ Be7 14. Bxb5
axb5 15. Nxb5 Qb6 16. Nd6+ Kd8 17. Bxf6 gxf6 18. Nf7+ Ke8 19. Nd6+ Kd8 20. fxe5
fxe5 21. Nf7+ Ke8 22. Qxd7+ Kxf7 23. Rhf1+ Kg7 24. Qxe7+ Kg6 25. Qf7+ Kg5 26.
Rf5+ Kg4 27. Qh5# 1-0